Least Populated Countries - Sudden Death - Statistics

General Stats
  • This quiz has been taken 21,866 times
    4,352 since last reset
  • The average score is 6 of 24
Answers on the Grid
Answers color-coded by a green-red scale on the quiz's grid according to % correct below.
Andorra
Antigua and Barbuda
Bahamas
Bahrain
Barbados
Belize
Bhutan
Brunei
Cape Verde
Comoros
Cyprus
Djibouti
Dominica
East Timor
Estonia
Eswatini
Federated States of Micronesia
Fiji
Grenada
Iceland
Kiribati
Liechtenstein
Maldives
Malta
Marshall Islands
Mauritius
Moldova
Monaco
Montenegro
Nauru
Palau
Saint Kitts and Nevis
Saint Lucia
Saint Vincent and the Grenadines
Samoa
San Marino
Sao Tome and Principe
Seychelles
Solomon Islands
Suriname
Tonga
Trinidad and Tobago
Tuvalu
Vanuatu
Vatican City
 
Answer Stats
Answer % Correct
Andorra
60%
Vatican City
55%
Tuvalu
38%
Nauru
35%
Antigua and Barbuda
34%
San Marino
34%
Palau
33%
Vanuatu
29%
Monaco
28%
Tonga
24%
Kiribati
21%
Liechtenstein
21%
Federated States of Micronesia
20%
Marshall Islands
19%
Saint Kitts and Nevis
19%
Saint Vincent and the Grenadines
17%
Saint Lucia
16%
Samoa
16%
Barbados
12%
Dominica
12%
Sao Tome and Principe
12%
Grenada
11%
Seychelles
10%
Iceland
9%
No matching quizzes found
Score Distribution
Percent of People with Each Score
Percentile by Number Answered
Your Score History
You have not taken this quiz since the last reset